La hegemonía del pueblo y la lucha centroamericana

Uloženo v:
Podrobná bibliografie
Hlavní autor: González Casanova, Pablo
Médium: Text
Vydáno: México
Tagy: Přidat tag
Žádné tagy, Buďte první, kdo vytvoří štítek k tomuto záznamu!

MARC

LEADER 00000 a a2200000 04500
001 24537
003
040
090 |a 176201  
100 |a González Casanova, Pablo  
245 |a La hegemonía del pueblo y la lucha centroamericana  
260 |a México  
300 |a 174 p.  
999 |c 16182  |d 16182